000
00268nam a22001217a 4500
008
181019b xxu||||| |||| 00| 0 eng d
041
_a
eng
080
_a
371
100
_a
46
101
_a
EDU
245
_a
Technical Report Standards
_c
Harvill, L.R
942
_2
udc
_c
BK
999
_c
50272
_d
50272